| 000 | 00437nam a22001817a 4500 | ||
|---|---|---|---|
| 003 | MPLRDC | ||
| 005 | 20220104123417.0 | ||
| 008 | 210129b ||||| |||| 00| 0 eng d | ||
| 020 | _a986-7581-03-2 | ||
| 082 | _a307.9 DWS | ||
| 100 | _a戴吾三 | ||
| 245 |
_a解开成语中的科学密码 _c |
||
| 250 | _a初版 | ||
| 260 |
_a台湾 _b三言社 _c2003 |
||
| 300 | _b125 | ||
| 650 | _a通俗科学故事 | ||
| 942 |
_cBK _o307.9 DWS |
||
| 999 |
_c11213 _d11203 |
||